All 500,000+ Urban Areas (as of 2021) - Statistics

General Stats
  • This quiz has been taken 52 times
    39 since last reset
  • The average score is 397 of 985
Answer Stats
Country Urban Area Population Estimate % Correct
Egypt Cairo 19,787,000
100%
India Delhi 31,870,000
100%
Turkey Istanbul 15,311,000
100%
Indonesia Jakarta 35,362,000
100%
Russia Moscow 17,693,000
100%
India Mumbai 22,186,000
100%
South Korea Seoul-Incheon 22,394,000
100%
Japan Tokyo-Yokohama 39,105,000
100%
Greece Athens 3,417,000
95%
Iraq Baghdad 6,107,000
95%
India Bangalore 13,999,000
95%
Thailand Bangkok 17,573,000
95%
Spain Barcelona 4,735,000
95%
Venezuela Barcelona 776,000
95%
Germany Berlin 4,026,000
95%
Argentina Buenos Aires 16,216,000
95%
Bangladesh Dhaka 16,839,000
95%
South Africa Johannesburg-Pretoria 14,167,000
95%
India Kolkata 18,698,000
95%
Nigeria Lagos 15,487,000
95%
United States Los Angeles 15,477,000
95%
Spain Madrid 6,006,000
95%
Philippines Manila 23,971,000
95%
Mexico Mexico City 21,505,000
95%
Italy Milan 4,994,000
95%
Italy Naples 3,303,000
95%
United States New York 20,902,000
95%
France Paris 11,027,000
95%
Brazil Rio de Janeiro 12,486,000
95%
Italy Rome 3,207,000
95%
Brazil Sao Paulo 22,495,000
95%
China Shanghai 22,118,000
95%
United States Atlanta 5,434,000
91%
China Beijing 19,437,000
91%
United States Boston-Providence 7,340,000
91%
Belgium Brussels 2,041,000
91%
Hungary Budapest 2,429,000
91%
United States Chicago 9,013,000
91%
United States Columbus 1,500,000
91%
Denmark Copenhagen 1,618,000
91%
United States Dallas-Fort Worth 6,960,000
91%
United States Denver 2,861,000
91%
United Arab Emirates Dubai 6,595,000
91%
United Kingdom Edinburgh 536,000
91%
United Kingdom Glasgow 1,264,000
91%
China Guangzhou-Foshan 21,489,000
91%
Vietnam Ho Chi Minh City 13,954,000
91%
United States Houston 6,529,000
91%
United States Kansas City 1,734,000
91%
Pakistan Karachi 15,292,000
91%
Ukraine Kiev 2,874,000
91%
Pakistan Lahore 11,148,000
91%
United Kingdom Leeds-Bradford 1,903,000
91%
Peru Lima 8,992,000
91%
Portugal Lisbon 2,719,000
91%
United Kingdom London 11,120,000
91%
France Lyon 1,448,000
91%
United Kingdom Manchester 2,747,000
91%
Australia Melbourne 4,629,000
91%
United States Miami 6,212,000
91%
Japan Osaka-Kobe-Kyoto 15,490,000
91%
United States Phoenix 4,685,000
91%
Netherlands Rotterdam-Hague 2,753,000
91%
United States San Francisco-San Jose 6,481,000
91%
Chile Santiago 7,026,000
91%
Dominican Republic Santiago 686,000
91%
United States Seattle 4,084,000
91%
Singapore Singapore 5,901,000
91%
Sweden Stockholm 1,584,000
91%
Russia St. Petersburg 5,207,000
91%
Australia Sydney 4,645,000
91%
United States Tampa-St. Petersburg 2,819,000
91%
Canada Toronto 6,985,000
91%
Poland Warsaw 1,965,000
91%
United States Washington-Baltimore 7,583,000
91%
Egypt Alexandria 4,857,000
86%
Netherlands Amsterdam 1,157,000
86%
Turkey Ankara 4,768,000
86%
United States Austin 1,922,000
86%
United Kingdom Birmingham 2,624,000
86%
United States Birmingham 833,000
86%
Colombia Bogota 9,274,000
86%
Brazil Brasilia 3,429,000
86%
Romania Bucharest 1,880,000
86%
South Korea Busan 3,823,000
86%
Venezuela Caracas 5,847,000
86%
India Chennai 11,564,000
86%
Germany Cologne-Bonn 2,100,000
86%
Sri Lanka Colombo 3,528,000
86%
United States Detroit 4,192,000
86%
Ireland Dublin 1,371,000
86%
Canada Edmonton 1,172,000
86%
United States El Paso 848,000
86%
Italy Florence 770,000
86%
Germany Frankfurt 1,941,000
86%
Germany Hamburg 2,048,000
86%
Finland Helsinki 1,200,000
86%
China* Hong Kong 7,398,000
86%
Congo (Dem. Rep.) Kinshasa 15,056,000
86%
Poland Krakow 651,000
86%
Malaysia Kuala Lumpur 8,639,000
86%
Kuwait Kuwait 4,307,000
86%
France Marseille 1,400,000
86%
Saudi Arabia Medina 1,176,000
86%
United States Minneapolis-St. Paul 2,945,000
86%
Belarus Minsk 2,213,000
86%
Canada Montreal 3,746,000
86%
Germany Munich 2,008,000
86%
Kenya Nairobi 5,973,000
86%
United States Nashville 1,178,000
86%
Ukraine Odessa 1,172,000
86%
United States Orlando 2,377,000
86%
Norway Oslo 917,000
86%
Australia Perth 2,005,000
86%
United States Philadelphia 5,697,000
86%
United States Portland 2,116,000
86%
Portugal Porto 1,351,000
86%
Czech Republic Prague 1,164,000
86%
Pakistan Rawalpindi-Islamabad 4,730,000
86%
Saudi Arabia Riyadh 6,889,000
86%
Yemen Sana 3,145,000
86%
United States San Diego 3,226,000
86%
Iran Tehran 13,819,000
86%
Italy Turin 1,431,000
86%
Canada Vancouver 2,429,000
86%
China Wuhan 9,729,000
86%
Ethiopia Addis Ababa 5,503,000
82%
Belgium Antwerp 1,028,000
82%
Brazil Belo Horizonte 5,271,000
82%
South Africa Cape Town 4,353,000
82%
Morocco Casablanca 4,203,000
82%
United States Charlotte 2,111,000
82%
Senegal Dakar 3,548,000
82%
Syria Damascus 2,406,000
82%
Mexico Guadalajara 5,437,000
82%
Vietnam Hanoi 7,375,000
82%
United States Honolulu 883,000
82%
India Hyderabad 9,840,000
82%
Pakistan Hyderabad 1,936,000
82%
United States Indianapolis 1,637,000
82%
United States Jacksonville 1,249,000
82%
Israel Jerusalem 1,584,000
82%
Nepal Kathmandu 3,955,000
82%
United States Las Vegas 2,551,000
82%
United Kingdom Liverpool 910,000
82%
Angola Luanda 8,883,000
82%
Saudi Arabia Mecca 1,767,000
82%
United States Memphis 1,080,000
82%
United States Milwaukee 1,394,000
82%
France Nice 935,000
82%
Canada Ottawa 1,048,000
82%
Italy Palermo 737,000
82%
Panama Panama City 1,267,000
82%
United States Pittsburgh 1,689,000
82%
Haiti Port-au-Prince 3,016,000
82%
North Korea Pyongyang 1,693,000
82%
United States San Antonio 2,162,000
82%
Costa Rica San Jose 1,986,000
82%
Bulgaria Sofia 955,000
82%
United States St. Louis 2,248,000
82%
Taiwan Taipei 9,078,000
82%
Israel Tel Aviv 2,719,000
82%
China Tianjin 10,932,000
82%
Austria Vienna 1,843,000
82%
Ghana Accra 5,074,000
77%
United States Albuquerque 888,000
77%
Syria Aleppo 3,547,000
77%
Jordan Amman 4,536,000
77%
Paraguay Asuncion 3,086,000
77%
New Zealand Auckland 1,413,000
77%
Azerbaijan Baku 3,015,000
77%
United Kingdom Belfast 639,000
77%
Serbia Belgrade 1,077,000
77%
Australia Brisbane 2,213,000
77%
United Kingdom Bristol 687,000
77%
China Chengdu 11,920,000
77%
United States Cincinnati 1,700,000
77%
United States Cleveland 2,770,000
77%
Tanzania Dar es Salaam 7,461,000
77%
Germany Dresden 773,000
77%
Germany Hannover 686,000
77%
Cuba Havana 1,659,000
77%
Ukraine Kharkiv 1,479,000
77%
Bolivia La Paz 1,674,000
77%
United States Louisville 1,034,000
77%
Somalia Mogadishu 1,839,000
77%
Oman Muscat 1,272,000
77%
Japan Nagoya 9,522,000
77%
China Nanjing 7,729,000
77%
United Kingdom Newcastle upon Tyne 820,000
77%
United States Oklahoma City 990,000
77%
Ecuador Quito 2,670,000
77%
United States Salt Lake City 2,452,000
77%
Spain Seville 1,091,000
77%
China Shenzhen 14,678,000
77%
Germany Stuttgart 1,357,000
77%
Uzbekistan Tashkent 4,119,000
77%
Libya Tripoli 1,376,000
77%
Tunisia Tunis 2,477,000
77%
Venezuela Valencia 1,614,000
77%
Spain Valencia 1,493,000
77%
China Xi'an 7,090,000
77%
Switzerland Zurich 922,000
77%
United Arab Emirates Abu Dhabi 2,022,000
73%
India Ahmedabad 7,717,000
73%
Algeria Algiers 3,629,000
73%
Lebanon Beirut 2,831,000
73%
France Bordeaux 837,000
73%
United States Buffalo 907,000
73%
Canada Calgary 1,349,000
73%
China Chongqing 8,261,000
73%
Sierra Leone Freetown 1,387,000
73%
Poland Gdansk 856,000
73%
Sweden Gothenburg 622,000
73%
Guatemala Guatemala City 2,993,000
73%
China Harbin 4,583,000
73%
United States Hartford 917,000
73%
Turkey Izmir 2,808,000
73%
Afghanistan Kabul 5,062,000
73%
Nigeria Kano 4,581,000
73%
United States Omaha 819,000
73%
India Pune 7,948,000
73%
Morocco Rabat 1,940,000
73%
United States Raleigh 1,522,000
73%
United States Richmond 1,086,000
73%
Latvia Riga 624,000
73%
United States Sacramento 1,932,000
73%
Dominican Republic Santo Domingo 4,292,000
73%
Japan Sapporo 2,162,000
73%
France Toulouse 982,000
73%
United States Tulsa 749,000
73%
Mongolia Ulaanbaatar 1,562,000
73%
China Xiamen 4,964,000
73%
Nigeria Abuja 3,499,000
68%
Australia Adelaide 1,215,000
68%
Kazakhstan Almaty 2,293,000
68%
Congo Brazzaville 1,918,000
68%
South Africa Durban 3,290,000
68%
Germany Essen-Dusseldorf 6,136,000
68%
United States Fresno 755,000
68%
Italy Genoa 531,000
68%
Japan Hiroshima 1,175,000
68%
Uganda Kampala 4,495,000
68%
Russia Kazan 1,209,000
68%
Sudan Khartoum 6,017,000
68%
Jamaica Kingston 818,000
68%
Germany Leipzig 552,000
68%
India Lucknow 4,916,000
68%
Spain Malaga 652,000
68%
Morocco Marrakesh 907,000
68%
Colombia Medellin 3,549,000
68%
Mexico Monterrey 5,584,000
68%
Uruguay Montevideo 1,535,000
68%
United States New Orleans 970,000
68%
Germany Nuremberg 654,000
68%
China Qingdao 6,232,000
68%
Brazil Salvador 3,430,000
68%
United States* San Juan 2,058,000
68%
El Salvador San Salvador 1,600,000
68%
United States Springfield 664,000
68%
Mexico Tijuana 2,064,000
68%
United States Tucson 964,000
68%
United States Virginia Beach-Norfolk 1,493,000
68%
Myanmar Yangon 6,497,000
68%
Russia Yekaterinburg 1,442,000
68%
Croatia Zagreb 616,000
68%
United States Albany 628,000
64%
Spain Bilbao 731,000
64%
Germany Bremen 562,000
64%
Colombia Cali 2,543,000
64%
China Changsha 4,543,000
64%
United States Charleston 684,000
64%
United States Colorado Springs 654,000
64%
Qatar Doha 1,520,000
64%
Brazil Fortaleza 3,621,000
64%
Switzerland Geneva 612,000
64%
China Hangzhou 6,713,000
64%
Zimbabwe Harare 2,747,000
64%
France Lille 1,313,000
64%
Zambia Lusaka 2,902,000
64%
Ukraine Lviv 720,000
64%
Nicaragua Managua 1,241,000
64%
Niger Niamey 1,383,000
64%
United Kingdom Nottingham 791,000
64%
Algeria Oran 1,322,000
64%
Cambodia Phnom Penh 2,365,000
64%
Brazil Porto Alegre 3,599,000
64%
Brazil Recife 3,840,000
64%
United States Rochester 747,000
64%
India Surat 4,875,000
64%
Albania Tirana 811,000
64%
Lithuania Vilnius 570,000
64%
Russia Vladivostok 656,000
64%
United States Wichita 519,000
64%
Cameroon Yaounde 4,414,000
64%
Armenia Yerevan 1,411,000
64%
China Zhengzhou 7,479,000
64%
Cote d'Ivoire Abidjan 4,787,000
59%
United States Baton Rouge 712,000
59%
Mexico Cancun 901,000
59%
Bangladesh Chittagong 4,479,000
59%
Guinea Conakry 2,729,000
59%
Brazil Curitiba 3,177,000
59%
United States Des Moines 533,000
59%
Cameroon Douala 3,384,000
59%
Morocco Fez 1,258,000
59%
Ecuador Guayaquil 3,085,000
59%
China Hefei 4,917,000
59%
Nigeria Ibadan 3,715,000
59%
India Jaipur 4,276,000
59%
Poland Katowice-Gliwice-Tychy 1,706,000
59%
United States Little Rock 502,000
59%
China* Macau 706,000
59%
Mozambique Maputo 2,502,000
59%
Kenya Mombasa 1,093,000
59%
Iraq Mosul 980,000
59%
Burkina Faso Ouagadougou 3,575,000
59%
Canada Québec 730,000
59%
India Salem 1,434,000
59%
United Kingdom Sheffield 735,000
59%
United Kingdom Southampton-Portsmouth 932,000
59%
Indonesia Surabaya 6,494,000
59%
Greece Thessaloniki 889,000
59%
United States Toledo 516,000
59%
Canada Winnipeg 753,000
59%
Madagascar Antananarivo 2,151,000
55%
Turkmenistan Ashgabat 1,396,000
55%
Eritrea Asmara 805,000
55%
Kazakhstan Astana 1,115,000
55%
Mali Bamako 3,750,000
55%
Iraq Basra 1,413,000
55%
Kyrgyzstan Bishkek 1,352,000
55%
United States Columbia 689,000
55%
Argentina Cordoba 1,612,000
55%
South Korea Daegu 2,393,000
55%
Ukraine Donetsk 1,350,000
55%
Pakistan Faisalabad 4,153,000
55%
Japan Fukuoka 2,280,000
55%
Rwanda Kigali 1,034,000
55%
China Kunming 3,934,000
55%
Malawi Lilongwe 1,290,000
55%
Poland Lodz 812,000
55%
Togo Lome 2,528,000
55%
Mexico Merida 1,170,000
55%
Liberia Monrovia 1,533,000
55%
China Nanning 3,238,000
55%
France Nantes 583,000
55%
Russia Nizhny Novgorod 1,578,000
55%
Mexico Puebla 2,511,000
55%
China Shenyang-Fushun 7,208,000
55%
China Urumqi 3,216,000
55%
Russia Volgograd 1,325,000
55%
Poland Wroclaw 624,000
55%
India Agra 2,885,000
50%
Turkey Antalya 759,000
50%
Indonesia Bandung 6,932,000
50%
Brazil Belem 2,221,000
50%
Nigeria Benin City 1,858,000
50%
Guinea-Bissau Bissau 636,000
50%
Italy Bologna 532,000
50%
Turkey Bursa 1,653,000
50%
Philippines Cebu 2,454,000
50%
China Dalian 3,994,000
50%
China Fuzhou 4,160,000
50%
Palestine Gaza 736,000
50%
United States Knoxville 710,000
50%
Brazil Manaus 2,308,000
50%
Indonesia Medan 3,436,000
50%
Brazil Natal 1,298,000
50%
China Ningbo 3,823,000
50%
Russia Omsk 1,131,000
50%
Russia Perm 508,000
50%
Russia Rostov 1,251,000
50%
China Shantou 2,452,000
50%
Morocco Tangier 1,039,000
50%
Honduras Tegucigalpa 1,229,000
50%
China Wenzhou 3,785,000
50%
United States Bakersfield 664,000
45%
India Bhopal 2,305,000
45%
China Changchun 4,115,000
45%
Vietnam Da Nang 1,537,000
45%
United States Dayton 747,000
45%
Indonesia Denpasar 1,373,000
45%
Ukraine Dnipropetrovsk 1,187,000
45%
Tajikistan Dushanbe 1,509,000
45%
United States Grand Rapids 598,000
45%
China Jinan 4,381,000
45%
South Sudan Juba 566,000
45%
India Kanpur 3,841,000
45%
Ghana Kumasi 3,998,000
45%
Mexico Leon 1,858,000
45%
Congo (Dem. Rep.) Lubumbashi 2,850,000
45%
Myanmar Mandalay 1,659,000
45%
Germany Mannheim 537,000
45%
Iran Mashhad 3,464,000
45%
Russia Novosibirsk 1,722,000
45%
India Patna 3,247,000
45%
South Africa Port Elizabeth 1,240,000
45%
Nigeria Port Harcourt 1,665,000
45%
Trinidad & Tobago Port of Spain 587,000
45%
Poland Poznan 674,000
45%
Russia Samara 1,019,000
45%
Russia Ufa 1,007,000
45%
Spain Zaragoza 643,000
45%
Colombia Barranquilla 2,007,000
41%
Burundi Bujumbura 1,143,000
41%
Colombia Cartagena 858,000
41%
Italy Catania 647,000
41%
Russia Chelyabinsk 1,228,000
41%
Brazil Goiania 2,585,000
41%
China Guiyang 3,424,000
41%
United States Harrisburg 528,000
41%
China Huainan 1,336,000
41%
India Indore 3,373,000
41%
China Jilin 1,702,000
41%
Russia Krasnodar 947,000
41%
Russia Krasnoyarsk 1,053,000
41%
United Kingdom Leicester 555,000
41%
Gabon Libreville 596,000
41%
Indonesia Makassar 1,905,000
41%
Venezuela Maracaibo 2,299,000
41%
Argentina Mendoza 1,126,000
41%
India Nagpur 3,200,000
41%
China Nanchang 3,652,000
41%
Mexico Oaxaca 737,000
41%
Brazil Sao Luis 1,525,000
41%
Indonesia Semarang 2,022,000
41%
Japan Sendai 1,206,000
41%
Iran Shiraz 1,873,000
41%
Iran Tabriz 1,814,000
41%
China Taiyuan 4,144,000
41%
Netherlands Utrecht 723,000
41%
India Varanasi 3,933,000
41%
Mexico Acapulco 776,000
36%
India Allahabad 3,025,000
36%
India Amritsar 1,649,000
36%
Peru Arequipa 784,000
36%
Central African Rep. Bangui 1,133,000
36%
Gambia Banjul 587,000
36%
China Baotou 2,279,000
36%
Switzerland Basel 532,000
36%
Brazil Campinas 2,851,000
36%
Mexico Chihuahua 1,015,000
36%
Mexico Ciudad Juarez 1,481,000
36%
Benin Cotonou 1,390,000
36%
Turkey Gaziantep 1,559,000
36%
France Grenoble 533,000
36%
Israel Haifa 574,000
36%
China Haikou 2,041,000
36%
China Hohhot 2,258,000
36%
Russia Irkutsk 893,000
36%
India Kochi 2,173,000
36%
China Lanzhou 2,688,000
36%
China Liuzhou 1,530,000
36%
India Madurai 2,096,000
36%
United States McAllen 833,000
36%
Pakistan Multan 2,885,000
36%
China Nantong 1,530,000
36%
Mauritania Nouakchott 1,424,000
36%
Spain Palma 518,000
36%
Pakistan Peshawar 1,878,000
36%
Thailand Phuket 540,000
36%
Argentina Rosario 1,325,000
36%
Mexico San Luis Potosi 1,208,000
36%
Honduras San Pedro Sula 1,068,000
36%
Brazil Santos 1,547,000
36%
Russia Saratov 1,064,000
36%
Egypt Suez 546,000
36%
China Suzhou 5,103,000
36%
China Suzhou 813,000
36%
China Taizhou 1,422,000
36%
China Taizhou 723,000
36%
Mexico Veracruz 841,000
36%
China Wuxi 3,681,000
36%
China Xuzhou 1,811,000
36%
China Yantai 1,895,000
36%
Tanzania Zanzibar 792,000
36%
Turkey Adana 717,000
32%
Yemen Aden 764,000
32%
Morocco Agadir 948,000
32%
United States Allentown 754,000
32%
China Anshan 1,761,000
32%
China Baoding 1,347,000
32%
South Africa Bloemfontein 528,000
32%
United Kingdom Brighton 516,000
32%
India Chandigarh 2,515,000
32%
China Changzhou 3,771,000
32%
Moldova Chisinau 544,000
32%
India Coimbatore 2,097,000
32%
China Dongguan 8,142,000
32%
Vietnam Hai Phong 1,790,000
32%
Syria Homs 691,000
32%
China Huizhou 1,693,000
32%
China Kaifeng 901,000
32%
Turkey Konya 936,000
32%
India Kota 1,174,000
32%
China Luoyang 2,618,000
32%
China Nanyang 1,078,000
32%
Chad N'Djamena 1,674,000
32%
Russia Orenburg 575,000
32%
Thailand Pattaya-Chon Buri 1,331,000
32%
Iran Qom 1,229,000
32%
Pakistan Quetta 938,000
32%
Uzbekistan Samarkand 1,368,000
32%
China Shijiazhuang 3,832,000
32%
Nigeria Sokoto 753,000
32%
India Srinagar 1,204,000
32%
Taiwan Tainan 1,137,000
32%
China Tangshan 1,685,000
32%
Mexico Toluca 1,816,000
32%
France Toulon 582,000
32%
Russia Voronezh 1,137,000
32%
China Weifang 1,570,000
32%
China Wuhu 1,233,000
32%
China Yangzhou 1,378,000
32%
Indonesia Yogyakarta 1,482,000
32%
China Zhongshan 2,856,000
32%
China Zibo 2,722,000
32%
Germany Aachen 542,000
27%
Nigeria Aba 1,200,000
27%
China Anyang 1,290,000
27%
Russia Astrakhan 592,000
27%
Indonesia Batam 1,524,000
27%
Angola Benguela 553,000
27%
United States Cape Coral 612,000
27%
China Cixi 1,647,000
27%
Bolivia Cochabamba 1,131,000
27%
China Daqing 1,039,000
27%
China Datong 1,618,000
27%
Iran Esfahan 2,458,000
27%
China Ezhou 729,000
27%
China Guilin 1,062,000
27%
Pakistan Gujranwala 3,036,000
27%
South Korea Gwangju 1,425,000
27%
Afghanistan Herat 614,000
27%
China Huaian 1,704,000
27%
Vietnam Hue 588,000
27%
India Jodhpur 1,473,000
27%
Nigeria Kaduna 1,647,000
27%
Taiwan Kaohsiung 2,360,000
27%
Iraq Kirkuk 781,000
27%
Japan Kitakyushu 1,526,000
27%
Spain Las Palmas 626,000
27%
China Linyi 2,233,000
27%
China Luzhou 607,000
27%
Venezuela Maracay 955,000
27%
India Meerut 2,755,000
27%
Turkey Mersin 1,017,000
27%
Japan Naha 1,000,000
27%
Nigeria Onitsha 6,887,000
27%
Indonesia Palembang 1,953,000
27%
Congo Pointe Noire 710,000
27%
Benin Porto Novo 556,000
27%
Egypt Port Said 695,000
27%
China Putian 2,287,000
27%
China Quanzhou 6,662,000
27%
Argentina Salta 648,000
27%
Indonesia Surakarta 1,049,000
27%
Taiwan Taichung 2,450,000
27%
Russia Tomsk 627,000
27%
Russia Tyumen 774,000
27%
South Korea Ulsan 970,000
27%
Chile Valparaiso-Vina del Mar 866,000
27%
Mexico Aguascalientes 1,048,000
23%
Indonesia Bandar Lampung 979,000
23%
China Baoji 855,000
23%
China Changde 889,000
23%
India Cuttack 930,000
23%
South Korea Daejon 1,576,000
23%
Nigeria Enugu 1,251,000
23%
Brazil Florianopolis 712,000
23%
Japan Fuji 847,000
23%
China Ganzhou 1,492,000
23%
Australia Gold Coast 657,000
23%
Congo (Dem. Rep.) Goma 1,239,000
23%
Belarus Gomel 580,000
23%
China Handan 2,080,000
23%
China Hengyang 1,278,000
23%
Malaysia Ipoh 963,000
23%
Indonesia Jambi 999,000
23%
China Jinhua 880,000
23%
China Jining 878,000
23%
Congo (Dem. Rep.) Kananga 737,000
23%
Bangladesh Khulna 1,058,000
23%
India Kozhikode 2,500,000
23%
Japan Kumamoto 622,000
23%
India Ludhiana 2,237,000
23%
Brazil Maceio 1,131,000
23%
Russia Makhachkala 857,000
23%
Congo (Dem. Rep.) Mbuji-Mayi 3,717,000
23%
Mexico Mexicali 949,000
23%
India Nashik 1,878,000
23%
Indonesia Padang 649,000
23%
China Pingdingshan 1,001,000
23%
India Raipur 1,033,000
23%
India Rajkot 1,670,000
23%
Russia Ryazan 523,000
23%
Turkey Samsun 648,000
23%
Japan Shizuoka 561,000
23%
India Solapur 1,094,000
23%
China Suqian 771,000
23%
China Taian 1,044,000
23%
India Thiruvananthapuram 2,430,000
23%
Peru Trujillo 693,000
23%
India Vadodara 2,175,000
23%
India Vijayawada 1,513,000
23%
Brazil Vittoria 1,691,000
23%
China Weihai 853,000
23%
China Yulin 559,000
23%
Nigeria Zaria 813,000
23%
China Zhangzhou 1,345,000
23%
China Zhuhai 1,695,000
23%
Iran Ahvaz 1,428,000
18%
India Asansol 920,000
18%
India Aurangabad 1,585,000
18%
Iran Bandar Abbas 618,000
18%
India Bareilly 1,683,000
18%
Venezuela Barquisimeto 888,000
18%
China Bengbu 1,245,000
18%
China Benxi 736,000
18%
India Bhubaneswar 1,172,000
18%
Burkina Faso Bobo-Dioulasso 1,007,000
18%
United Kingdom Bournemouth 507,000
18%
South Korea Cheongju 734,000
18%
China Chifeng 813,000
18%
Colombia Cucuta 686,000
18%
Mexico Cuernavaca 997,000
18%
Brazil Cuiaba 895,000
18%
Philippines Davao City 1,273,000
18%
China Dezhou 852,000
18%
Mexico Durango 669,000
18%
Turkey Eskisehir 645,000
18%
India Gwalior 1,760,000
18%
North Korea Hamhung 532,000
18%
Somalia Hargeisa 923,000
18%
Mexico Hermosillo 910,000
18%
China Heze 620,000
18%
Angola Huambo 653,000
18%
China Huzhou 686,000
18%
Nigeria Ilorin 1,233,000
18%
India Jabalpur 1,727,000
18%
China Jiangmen 1,687,000
18%
China Jiaxing 926,000
18%
Saudi Arabia Jiddah 4,261,000
18%
Brazil Joao Pessoa 1,150,000
18%
Malaysia Johor Bahru 2,043,000
18%
Nigeria Jos 867,000
18%
Turkey Kayseri 1,097,000
18%
Iran Kerman 648,000
18%
Russia Khabarovsk 591,000
18%
Congo (Dem. Rep.) Kisangani 775,000
18%
Malaysia Kuching 543,000
18%
Russia Lipetsk 541,000
18%
Indonesia Malang 1,614,000
18%
Mexico Morelia 888,000
18%
Tanzania Mwanza 1,032,000
18%
India Mysore 1,533,000
18%
Iraq Najaf 1,128,000
18%
China Nanchong 941,000
18%
China Panjin 964,000
18%
Malaysia Penang 1,718,000
18%
China Qinhuangdao 1,243,000
18%
China Qiqihaer 1,013,000
18%
Mexico Queretaro 1,236,000
18%
India Ranchi 1,752,000
18%
China Rizhao 721,000
18%
Mexico Saltillo 830,000
18%
United States Sarasota 723,000
18%
Indonesia Serang 577,000
18%
Tunisia Sfax 616,000
18%
Pakistan Sialkot 1,162,000
18%
India Tiruchirappalli 1,174,000
18%
Mexico Torreon 1,198,000
18%
Senegal Touba 1,201,000
18%
Argentina Tucuman 1,121,000
18%
India Visakhapatnam 2,161,000
18%
Nigeria Warri 1,055,000
18%
China Wuzhou 564,000
18%
China Xiangyang 898,000
18%
China Xingtai 810,000
18%
China Xining 1,629,000
18%
China Xinyang 532,000
18%
China Yichang 1,037,000
18%
China Yinchuan 1,909,000
18%
China Yiwu 1,739,000
18%
China Yueyang 825,000
18%
China Zhanjiang 1,206,000
18%
China Zhuzhou 1,195,000
18%
China Zigong 567,000
18%
Saudi Arabia Ad-Dammam 2,749,000
14%
India Aligarh 2,066,000
14%
Philippines Angeles City 680,000
14%
Brazil Aracaju 839,000
14%
Pakistan Bahawalpur 1,291,000
14%
Indonesia Balikpapan 707,000
14%
Russia Barnaul 637,000
14%
China Beihai 678,000
14%
Italy Bergamo 508,000
14%
Malawi Blantyre 1,007,000
14%
Congo (Dem. Rep.) Bukavu 836,000
14%
Zimbabwe Bulawayo 746,000
14%
China Cangzhou 764,000
14%
Vietnam Can Tho 824,000
14%
South Korea Changwon 803,000
14%
China Changzhi 802,000
14%
Indonesia Cirebon 1,064,000
14%
Venezuela Ciudad Guayana 817,000
14%
Chile Concepcion 849,000
14%
Algeria Constantine 689,000
14%
Mexico Culiacan 863,000
14%
Turkey Denizli 598,000
14%
India Dhanbad 668,000
14%
China Dongying 1,044,000
14%
China Fuyang 714,000
14%
United States Greenville 506,000
14%
India Guwahati 1,405,000
14%
Taiwan Hsinchu 554,000
14%
China Huaibei 1,246,000
14%
India Hubli-Dharwad 774,000
14%
Jordan Irbid 759,000
14%
Iraq Irbil 573,000
14%
Turkey Izmit 656,000
14%
India Jammu 722,000
14%
India Jamshedpur 1,717,000
14%
South Korea Jeonju 636,000
14%
China Jiaozuo 1,030,000
14%
China Jinzhou 750,000
14%
China Jiujiang 916,000
14%
Brazil Joinville 575,000
14%
India Kannur 1,683,000
14%
China Lianyungang 873,000
14%
China Liaocheng 676,000
14%
China Linfen 637,000
14%
Angola Lubango 1,054,000
14%
China Maanshan 941,000
14%
Nigeria Maiduguri 879,000
14%
Argentina Mar Del Plata 618,000
14%
Morocco Meknes 726,000
14%
China Mianyang 1,114,000
14%
India Moradabad 1,769,000
14%
Japan Nagano 592,000
14%
Mozambique Nampula 878,000
14%
Japan Niigata 543,000
14%
Russia Novokuznetsk 725,000
14%
Sudan Nyala 780,000
14%
Indonesia Pekan Baru 1,111,000
14%
India Puducherry 905,000
14%
China Puyang 640,000
14%
China Qingyuan 701,000
14%
China Qujing 663,000
14%
Bangladesh Rajshahi 530,000
14%
Mexico Reynosa 774,000
14%
China Ruian 1,316,000
14%
Indonesia Samarinda 1,064,000
14%
Bolivia Santa Cruz de la Sierra 2,025,000
14%
China Sanya 550,000
14%
China Shangqiu 743,000
14%
China Shaoyang 799,000
14%
China Shiyan 879,000
14%
India Siliguri 595,000
14%
Russia Stavropol 548,000
14%
Bangladesh Sylhet 1,482,000
14%
Saudi Arabia Taif 686,000
14%
Mexico Tampico 856,000
14%
Georgia Tblisi 1,064,000
14%
China Tengzhou 549,000
14%
Brazil Teresina 1,024,000
14%
India Tiruppur 1,281,000
14%
Russia Tolyatti 759,000
14%
Mexico Tuxtla Gutierrez 757,000
14%
India Udaipur 576,000
14%
Russia Ulyanovsk 602,000
14%
Mexico Villahermosa 592,000
14%
Mexico Xalapa 606,000
14%
China Xiangtan 1,049,000
14%
China Xinxiang 1,038,000
14%
Russia Yaroslavl 599,000
14%
China Yibin 667,000
14%
China Yingkou 1,024,000
14%
Ukraine Zaporizhzhia 738,000
14%
China Zhangjiakou 839,000
14%
China Zhenjiang 1,036,000
14%
India Ajmer 580,000
9%
Nigeria Akure 626,000
9%
United Arab Emirates Al Ain 1,102,000
9%
Bahrain Al-Manamah 564,000
9%
Iraq Amara 560,000
9%
China Anqing 650,000
9%
Libya Banghazi 798,000
9%
Indonesia Banjarmasin 760,000
9%
Colombia Bucaramanga 932,000
9%
Philippines Cagayan de Oro 738,000
9%
Brazil Campo Grande 953,000
9%
China Changshu 1,222,000
9%
China Chaoyang 570,000
9%
China Chaoyang GD 2,042,000
9%
China Chaozhou 1,453,000
9%
Russia Cheboksary 605,000
9%
China Chenzhou 534,000
9%
North Korea Chongjin 643,000
9%
China Chuzhou 777,000
9%
China Dandong 796,000
9%
India Dehradun 1,243,000
9%
India Durg-Bhilainagar 1,220,000
9%
South Africa East London 550,000
9%
China Fuqing 829,000
9%
India Gaya 698,000
9%
Iran Hamadan 599,000
9%
China Hengshui 542,000
9%
China Huludao 678,000
9%
Russia Izhevsk 658,000
9%
India Jalandhar 1,230,000
9%
India Jamnagar 667,000
9%
China Jiamusi 663,000
9%
China Jieyang 1,415,000
9%
China Jingmen 500,000
9%
China Jingzhou 972,000
9%
Japan Kanazawa 510,000
9%
Iraq Karbala 685,000
9%
Russia Kemerovo 509,000
9%
Iran Kermanshah 895,000
9%
Canada Kitchener 508,000
9%
Zambia Kitwe 622,000
9%
China Kunshan 1,782,000
9%
China Langfang 760,000
9%
China Liaoyang 664,000
9%
Brazil Londrina 702,000
9%
China Luohe 1,021,000
9%
Mexico Matamoros 534,000
9%
China Mudanjiang 839,000
9%
Myanmar Nay Pyi Taw 608,000
9%
Vietnam Nha Trang 578,000
9%
United States Palm Bay 511,000
9%
Colombia Pereira 574,000
9%
China Puning 1,973,000
9%
China Qingzhou 570,000
9%
China Quzhou 512,000
9%
Iran Rasht 600,000
9%
India Saharanpur 1,692,000
9%
Pakistan Sargodha 854,000
9%
China Shaoxing 1,899,000
9%
Kazakhstan Shimkent 1,290,000
9%
Yemen Ta'izz 850,000
9%
Nigeria Uyo 952,000
9%
India Warangal 884,000
9%
China Xuchang 684,000
9%
China Yancheng 870,000
9%
China Yangjiang 719,000
9%
Iran Yazd 682,000
9%
China Zhangjiaggang 2,546,000
9%
China Zhaoqing 756,000
9%
China Zhoukou 628,000
9%
India Agartala 939,000
5%
China Akesu 724,000
5%
India Amravati 686,000
5%
Iran Arak 565,000
5%
Iran Ardabil 575,000
5%
Philippines Bacolod 601,000
5%
Cameroon Bamenda 530,000
5%
Nigeria Bauchi 517,000
5%
India Bhavnagar 533,000
5%
India Bikaner 1,006,000
5%
Congo (Dem. Rep.) Bunia 873,000
5%
China Cangnan 691,000
5%
South Korea Cheonan 718,000
5%
China Deyang 752,000
5%
India Erode 626,000
5%
Brazil Feira De Santana 585,000
5%
China Fuxin 574,000
5%
India Gorakhpur 779,000
5%
India Gulbarga 892,000
5%
India Guntur 850,000
5%
China Heyuan 518,000
5%
China Huangshi 1,160,000
5%
Philippines Iloilo City 574,000
5%
India Imphal 562,000
5%
Brazil Juiz De Fora 513,000
5%
India Kakinada 524,000
5%
India Kolhapur 638,000
5%
India Kollam 1,060,000
5%
India Kurnool 650,000
5%
China Laiwu 977,000
5%
Congo (Dem. Rep.) Likasi 744,000
5%
China Linqi 535,000
5%
China Liupanshui 670,000
5%
India Malappuram 1,114,000
5%
India Mangalore 726,000
5%
Brazil Maringa 625,000
5%
Japan Mito 578,000
5%
United States Murrieta 697,000
5%
India Muzaffarnagar 704,000
5%
Russia Naberezhnye Tchelny 523,000
5%
Thailand Nakhon Ratchasima 648,000
5%
Uzbekistan Namangan 1,300,000
5%
India Nanded Waghala 629,000
5%
Iraq Nasiriyah 864,000
5%
India Nellore 757,000
5%
Nigeria Nsukka 995,000
5%
Nigeria Osogbo 753,000
5%
Japan Otsu 595,000
5%
Nigeria Owerri 537,000
5%
Mexico Pachuca 584,000
5%
India Panipat 552,000
5%
India Rajahmundry 553,000
5%
Thailand Rayong 603,000
5%
Brazil Ribeirao Preto 699,000
5%
Brazil Sao Jose dos Campos 969,000
5%
Bangladesh Savar 2,140,000
5%
China Shangyu 577,000
5%
China Shaoguan 648,000
5%
Pakistan Sheikhupura 861,000
5%
China Siping 539,000
5%
Brazil Sorocaba 778,000
5%
China Suining 556,000
5%
Iraq Sulaimaniya 660,000
5%
Saudi Arabia Tabuk 559,000
5%
Egypt Tanta 589,000
5%
India Thrissur 1,270,000
5%
China Tianshui 595,000
5%
India Tirupati 664,000
5%
China Tongliao 722,000
5%
Congo (Dem. Rep.) Tshikapa 643,000
5%
Brazil Uberlandia 708,000
5%
India Ujjain 601,000
5%
Iran Urmia 607,000
5%
India Vellore 575,000
5%
Vietnam Vung Tau 930,000
5%
China Wenling 571,000
5%
China Xintai 577,000
5%
China Xinyu 624,000
5%
China Yichun 608,000
5%
China Yongkang 783,000
5%
China Yuyao 565,000
5%
China Zhoushan 564,000
5%
China Zhucheng 673,000
5%
Nigeria Abeokuta 577,000
0%
India Akola 626,000
0%
Yemen Al-Hudaydah 618,000
0%
Egypt Al-Mahallah 810,000
0%
Egypt Al-Mansurah 663,000
0%
China Anqiu 522,000
0%
India Belgaum 969,000
0%
India Bilaspur 897,000
0%
China Binzhou 672,000
0%
India Bokaro Steel City 649,000
0%
Cote d'Ivoire Bouake 545,000
0%
Congo (Dem. Rep.) Butembo 874,000
0%
India Davanagere 536,000
0%
China Dongming 566,000
0%
China Dongsheng 608,000
0%
France Douai-Lens 511,000
0%
India Firozabad 813,000
0%
China Gaomi 687,000
0%
China Gongyi 586,000
0%
China Hegang 553,000
0%
China Huaihua 635,000
0%
Saudi Arabia Hufuf-Mubarraz 1,205,000
0%
India Jalgaon 572,000
0%
India Jhansi 657,000
0%
India Kayamkulam 664,000
0%
Saudi Arabia Khamis Mushayt 723,000
0%
Congo (Dem. Rep.) Kolwezi 622,000
0%
China Korla 632,000
0%
China Liuan 811,000
0%
China Longyan 514,000
0%
India Malegaon 721,000
0%
India Mathura 590,000
0%
China Panzhihua 505,000
0%
India Patiala 592,000
0%
China Pinghu 611,000
0%
India Raurkela 639,000
0%
India Sangali 599,000
0%
China Sanmenxia 668,000
0%
Ghana Sekondi Takoradi 713,000
0%
China Shengzezhen 635,000
0%
China Songyuan 607,000
0%
Indonesia Tasikmalaya 643,000
0%
India Thoothukkudi 557,000
0%
India Tirunelveli 620,000
0%
China Tongling 587,000
0%
China Tongxiang 556,000
0%
Iran Varamin 581,000
0%
China Yangquan 705,000
0%
China Yuncheng 508,000
0%
China Zhumadian 666,000
0%
No matching quizzes found
Score Distribution
Percent of People with Each Score
Percentile by Number Answered
Your Score History
You have not taken this quiz since the last reset